Les 10 radios les plus écoutées en France en 2017 - Statistiques

Statistiques générales
  • Ce quiz a été pris 323 fois
  • Le résultat moyen est 7 sur 10
Statistiques - réponses
Audience moyenne (en millions) Radio % Correct
5,6 NRJ
92%
6,5 RTL
89%
3,5 Skyrock
79%
3,8 Europe 1
74%
6,0 France Inter
73%
3,3 Fun Radio
67%
4,2 RMC
65%
4,8 France Info
57%
3,5 France Bleu
56%
3,3 Nostalgie
55%
Aucun quiz correspondant
Distribution des résultats
% des personnes avec chaque résultat
Percentile par nombre de réponses
Votre historique - résultats
Vous n’avez pas pris ce quiz